000 00713nam a2200277Ia 4500
005 20260121125120.0
008 008 260114s9999 xx 000 0 eng d
020 _a9781503607637
037 _aEBOOK
040 _aCRL
040 _beng
040 _cCRL
041 _2eng
041 _aeng
084 _qCRL
100 _aostermann, Christian F.
_9987480
245 0 _aBetween Containment and Rollback: The United States and the Cold War in Germany
260 _bWalter de Gruyter
260 _bWalter de Gruyter
260 _c2021
650 _aHistory
_9987481
856 _uhttp://www.degruyter.com/isbn/9781503607637
942 _cEBOOK
999 _c1559602
_d1559602